|
|
|
|
| LEADER |
00000cam a2200000 4500 |
| 001 |
vtls012133728 |
| 003 |
SK-MaSNL |
| 005 |
20260301055507.0 |
| 008 |
251104s2021 xo a frnp 000 0 slo |
| 015 |
|
|
|a SNBA2022/09
|
| 020 |
|
|
|a 9788055818238
|q (brožované)
|
| 040 |
|
|
|a SNK
|b slo
|c SNK
|e rda
|
| 041 |
0 |
|
|a slo
|
| 044 |
|
|
|a xo
|c SK
|
| 072 |
|
7 |
|a 519
|x Kombinatorika. Teória grafov. Matematická štatistika. Operačný výskum. Matematické modelovanie
|2 konspekt
|
| 072 |
|
7 |
|a 37.016
|x Učebné osnovy. Vyučovacie predmety. Učebnice
|2 konspekt
|
| 080 |
|
|
|a 311
|2 2011
|
| 080 |
|
|
|a 519.23
|2 2011
|
| 080 |
|
|
|a (075.8)
|2 2011
|
| 100 |
1 |
|
|a Ballová Mikušková, Eva,
|d 1982-
|4 aut
|9 211327
|
| 245 |
1 |
0 |
|a Štatistika pre začiatočníkov
|b základy štatistických analýz pre študentov učiteľstva
|c Eva Ballová Mikušková
|
| 250 |
|
|
|a Vydanie prvé
|
| 264 |
|
1 |
|a Nitra
|b Univerzita Konštantína Filozofa v Nitre, Pedagogická fakulta
|c 2021
|
| 300 |
|
|
|a 99 strán
|b ilustrácie, grafy, tabuľky
|c 25 cm
|
| 336 |
|
|
|a text
|b txt
|2 rdacontent
|
| 337 |
|
|
|a bez média
|b n
|2 rdamedia
|
| 338 |
|
|
|a zväzok
|b nc
|2 rdacarrier
|
| 366 |
|
|
|e 120 kusov
|
| 500 |
|
|
|a V hornej časti titulného listu: "Univerzita Konštantína Filozofa v Nitre, Pedagogická fakulta, Katedra pedagogickej a školskej psychológie"
|
| 504 |
|
|
|a Obsahuje bibliografiu a bibliografické odkazy
|
| 521 |
3 |
|
|a Pre študentov vysokoškolského štúdia učiteľstva
|
| 650 |
0 |
7 |
|a štatistika
|2 SNKPH
|9 778
|
| 650 |
0 |
7 |
|a štatistická analýza
|2 SNKPH
|9 29448
|
| 650 |
0 |
7 |
|a Statistics
|2 SNKPHeng
|9 266405
|
| 650 |
0 |
7 |
|a Statistical analysis
|2 SNKPHeng
|9 326099
|
| 655 |
|
7 |
|a učebnice vysokých škôl
|2 SNKPH
|9 70191
|
| 655 |
|
7 |
|a Textbooks (higher)
|2 SNKPHeng
|9 276436
|
| 710 |
2 |
|
|a Univerzita Konštantína Filozofa v Nitre.
|b Pedagogická fakulta.
|b Katedra pedagogickej a školskej psychológie
|9 213126
|
| 919 |
|
|
|a 978-80-558-1823-8
|
| 954 |
|
|
|a odborná, vedecká literatúra pôvodná (slovenská)
|2 lita
|
| 958 |
|
|
|a NB
|
| 999 |
|
|
|c 613481
|d 615411
|
| 952 |
|
|
|a SNK
|b SNK
|y PREZ
|7 0
|p 17A1491752
|o snkSC 198194
|i snk2022/10463
|8 0
|0 0
|1 0
|4 0
|d 2022-06-24
|f 1
|l 0
|r 2025-10-20 00:00:00
|w 2026-02-23
|
| 952 |
|
|
|a SNK
|b SNK
|y VYP
|7 0
|p 17A1491753
|o snkSC 198194 D1
|i snk2022/10464
|8 0
|0 0
|1 0
|4 0
|d 2022-06-24
|l 0
|r 2026-02-23 16:30:19
|w 2026-02-23
|